Statistics for Countries and Capitals of the World - Hardest Edition

Click here to take the quiz!

General Stats

  • This quiz has been taken 7,216 times
  • The average score is 325 of 392

Answer Stats

Country% Correct
United Kingdom
94%
Albania
93%
Andorra
93%
France
93%
London
93%
Rome
93%
Austria
92%
Belgium
92%
Finland
92%
Germany
92%
Ireland
92%
Italy
92%
Norway
92%
Portugal
92%
Russia
92%
Spain
92%
Sweden
92%
United States
92%
Belarus
91%
Berlin
91%
Bosnia and
Herzegovina
91%
Brazil
91%
Bulgaria
91%
Canada
91%
Denmark
91%
Estonia
91%
Greece
91%
Hungary
91%
Iceland
91%
Latvia
91%
Lithuania
91%
Luxembourg
91%
Monaco
91%
Netherlands
91%
Paris
91%
Romania
91%
Slovakia
91%
Vatican City
91%
Argentina
90%
Brussels
90%
China
90%
Croatia
90%
Czech Republic
90%
Dublin
90%
Helsinki
90%
Liechtenstein
90%
Lisbon
90%
Madrid
90%
Malta
90%
Mexico
90%
Mexico City
90%
Moscow
90%
North Macedonia
90%
Oslo
90%
Poland
90%
San Marino
90%
Serbia
90%
Slovenia
90%
Switzerland
90%
Ukraine
90%
Vienna
90%
Afghanistan
89%
Armenia
89%
Athens
89%
Australia
89%
Bern
89%
Bolivia
89%
Budapest
89%
Central African Republic
89%
Chile
89%
Colombia
89%
Copenhagen
89%
Haiti
89%
India
89%
Iran
89%
Jamaica
89%
Japan
89%
Kiev
89%
Kosovo
89%
Montenegro
89%
Panama
89%
Panama City
89%
Paraguay
89%
Peru
89%
Stockholm
89%
Uruguay
89%
Venezuela
89%
Washington D.C.
89%
Algeria
88%
Amsterdam
88%
Azerbaijan
88%
Bahamas
88%
Beijing
88%
Brasília
88%
Bucharest
88%
Cuba
88%
Dominica
88%
Dominican Republic
88%
Ecuador
88%
Guatemala
88%
Guatemala City
88%
Guyana
88%
Honduras
88%
Indonesia
88%
Iraq
88%
Israel
88%
Moldova
88%
New Zealand
88%
North Korea
88%
Ottawa
88%
Prague
88%
Reykjavík
88%
Sofia
88%
South Korea
88%
Suriname
88%
Turkey
88%
Warsaw
88%
Andorra la Vella
87%
Antigua and Barbuda
87%
Barbados
87%
Belize
87%
Buenos Aires
87%
Cambodia
87%
Costa Rica
87%
Egypt
87%
El Salvador
87%
Georgia
87%
Jordan
87%
Kazakhstan
87%
Laos
87%
Minsk
87%
New Delhi
87%
Nicaragua
87%
Oman
87%
Pakistan
87%
Qatar
87%
Riga
87%
Saint Kitts and Nevis
87%
Saint Lucia
87%
Tirana
87%
Tokyo
87%
Trinidad and Tobago
87%
Vietnam
87%
Yemen
87%
Bahrain
86%
Bangladesh
86%
Bhutan
86%
Canberra
86%
Cyprus
86%
Fiji
86%
Kuwait
86%
Kuwait City
86%
Kyrgyzstan
86%
Lebanon
86%
Lima
86%
Malaysia
86%
Mongolia
86%
Nepal
86%
Niger
86%
Saint Vincent and the
Grenadines
86%
Santiago
86%
Sarajevo
86%
Saudi Arabia
86%
Seoul
86%
Singapore
86%
South Africa
86%
Syria
86%
Tajikistan
86%
Tallinn
86%
Thailand
86%
Tunis
86%
Turkmenistan
86%
United Arab Emirates
86%
Uzbekistan
86%
Zagreb
86%
Angola
85%
Ankara
85%
Belgrade
85%
Bogotá
85%
Brunei
85%
Cairo
85%
Congo
(Dem. Rep.)
85%
Congo
(Rep. of.)
85%
Djibouti
85%
Ghana
85%
Grenada
85%
Guinea
85%
Havana
85%
Jakarta
85%
Jerusalem
85%
Kenya
85%
Libya
85%
Morocco
85%
Myanmar
85%
Nigeria
85%
Papua New Guinea
85%
Philippines
85%
South Sudan
85%
Sudan
85%
Tunisia
85%
Vanuatu
85%
Zambia
85%
Zimbabwe
85%
Baghdad
84%
Benin
84%
Bratislava
84%
Caracas
84%
Chad
84%
East Timor
84%
Eritrea
84%
Ethiopia
84%
Guinea-Bissau
84%
Kabul
84%
Kingston
84%
Kingstown
84%
Liberia
84%
Maldives
84%
Mali
84%
Marshall Islands
84%
Mauritania
84%
Micronesia
(Fed. States)
84%
Nauru
84%
Palau
84%
Samoa
84%
Senegal
84%
Solomon Islands
84%
Somalia
84%
Sri Lanka
84%
Taiwan
84%
Tanzania
84%
Tehran
84%
Togo
84%
Tonga
84%
Tuvalu
84%
Vaduz
84%
Valletta
84%
Vilnius
84%
Wellington
84%
Algiers
83%
Bangkok
83%
Botswana
83%
Burundi
83%
Cameroon
83%
Comoros
83%
Equatorial Guinea
83%
Eswatini
83%
Gambia
83%
Kiribati
83%
Ljubljana
83%
Madagascar
83%
Mauritius
83%
Montevideo
83%
Mozambique
83%
Namibia
83%
Pyongyang
83%
Rwanda
83%
Seychelles
83%
Uganda
83%
Abu Dhabi
82%
Burkina Faso
82%
Cape Verde
82%
Gabon
82%
Hanoi
82%
Islamabad
82%
Ivory Coast
82%
La Paz / Sucre
82%
Lesotho
82%
Manila
82%
Pretoria / Cape Town
/ Bloemfontein
82%
Pristina
82%
Quito
82%
São Tomé
82%
São Tomé and Príncipe
82%
Sierra Leone
82%
Skopje
82%
Asunción
81%
Baku
81%
Beirut
81%
Chișinău
81%
Damascus
81%
Georgetown
81%
Kuala Lumpur
81%
Malawi
81%
Nairobi
81%
Port-au-Prince
81%
Riyadh
81%
San Salvador
81%
Dhaka
80%
Doha
80%
Podgorica
80%
Taipei
80%
Ulaanbaatar
80%
Amman
79%
Kathmandu
79%
Nassau
79%
Nicosia
79%
Rabat
79%
San José
79%
Santo Domingo
79%
Tbilisi
79%
Addis Ababa
78%
Nur-Sultan
78%
Sana'a
78%
Tripoli
78%
Yerevan
78%
Dakar
77%
Muscat
77%
Phnom Penh
77%
Port-of-Spain
77%
Dili
76%
Kinshasa
76%
Malé
76%
Paramaribo
76%
Accra
75%
Belmopan
75%
Bissau
75%
Brazzaville
75%
Freetown
75%
Khartoum
75%
Luanda
75%
Managua
75%
Tashkent
75%
Abuja
74%
Bishkek
74%
Bridgetown
74%
Mogadishu
74%
Port Moresby
74%
Vientiane
74%
Ashgabat
73%
Harare
73%
Manama
73%
Saint John's
73%
Thimphu
73%
Juba
72%
Kampala
72%
Monrovia
72%
Saint George's
72%
Suva
72%
Tegucigalpa
72%
Victoria
72%
Windhoek
72%
Antananarivo
71%
Bandar Seri
Begawan
71%
Dushanbe
71%
Roseau
71%
Castries
70%
Lusaka
70%
Sri
Jayawardenepura
Kotte
70%
Basseterre
69%
Dodoma
69%
Kigali
69%
Libreville
69%
Lomé
69%
N'Djamena
69%
Porto-Novo /
Cotonou
69%
Yaoundé
69%
Apia
68%
Asmara
68%
Conakry
68%
Gaborone
68%
Naypyidaw
68%
Niamey
68%
Ouagadougou
68%
Port Louis
68%
Praia
68%
Bamako
67%
Bangui
67%
Maputo
67%
Port Vila
67%
Banjul
66%
Funafuti
66%
Lilongwe
66%
Honiara
65%
Mbabane
65%
Moroni
65%
Nouakchott
65%
South Tarawa
65%
Yamoussoukro
65%
Yaren
65%
Gitega
64%
Malabo
64%
Maseru
64%
Nukuʻalofa
64%
Palikir
63%
Majuro
62%
Ngerulmud
62%

Score Distribution

Percentile by Number Answered

Percent of People with Each Score

Your Score History

You have not taken this quiz